000 00547nam a22001817a 4500
003 OSt
005 20260413052548.0
008 260413b |||||||| |||| 00| 0 eng d
020 _a97189706066
040 _aDWCL GS lib
_cOC
082 _aRes.(Fil.) 808.81 S139o 1997
100 _aSilverio, F. Julio
245 _a100 Tula Na Nakakatuwa :
_bUnang Aklat /
_cJulio F. Silverio
260 _aMetro Manila
_bM & L LICUDINE ENTERPRISES
_cc1997.
300 _a107 pages:
_c12cm.
546 _aTagalog
942 _2ddc
_cBK-0 CIRC
_hRes.(Fil.)
_n0
999 _c9379
_d9379